Tư liệu tập đoàn khoai môn ĐBSCL

Spremljeno u:
Bibliografski detalji
Format: Knjiga
Jezik:Undetermined
Izdano: Cần Thơ Viện NC & PTHTCT- Trường ĐH Cần Thơ 2003
Teme:
Oznake: Dodaj oznaku
Bez oznaka, Budi prvi tko označuje ovaj zapis!
Thư viện lưu trữ: Trung tâm Học liệu Trường Đại học Cần Thơ
LEADER 00518nam a2200157Ia 4500
001 CTU_123012
008 210402s9999 xx 000 0 und d
082 |a 635.2 
082 |b T550 
245 0 |a Tư liệu tập đoàn khoai môn ĐBSCL 
260 |a Cần Thơ 
260 |b Viện NC & PTHTCT- Trường ĐH Cần Thơ 
260 |c 2003 
650 |a Field crops,Floriculture,Sweet potatoes,Winged yam 
904 |i M.Loan , Huỳnh Mai 
980 |a Trung tâm Học liệu Trường Đại học Cần Thơ